Možnosti financovania podnikových potrieb rizikovým kapitálom

Delenie zdrojov financovania na vlastné zdroje a cudzie zdroje. Rizikový kapitál - charakteristika a využívanie. Porovnanie financovania bankovým úverom a rizikovým kapitálom. Klasifikácia investícií rizikového kapitálu. Subjekty na trhu rizikového kapitálu. Investori rizikového kapitálu. Obchodní a...

Descrizione completa

Salvato in:
Dettagli Bibliografici
Autore principale: Cisko, Štefan
Altri autori: Klieštik, Tomáš
Natura: Capitolo di libro
Lingua:slovacco
Soggetti:
Tags: Aggiungi Tag
Nessun Tag, puoi essere il primo ad aggiungerne!!

MARC

LEADER 00000naa$a2200000$$$4500
001 0094893
005 20231103071500.5
041 0 |a slo 
044 |a SK 
245 1 0 |a Možnosti financovania podnikových potrieb rizikovým kapitálom  |c Štefan Cisko, Tomáš Klieštik 
520 |a Delenie zdrojov financovania na vlastné zdroje a cudzie zdroje. Rizikový kapitál - charakteristika a využívanie. Porovnanie financovania bankovým úverom a rizikovým kapitálom. Klasifikácia investícií rizikového kapitálu. Subjekty na trhu rizikového kapitálu. Investori rizikového kapitálu. Obchodní anjeli (business angels). Nezávislí investori (independent investors). Závislí investori (dependent investors). Vládou podporované organizácie (government supported organizations). Dokončenie článku v ďalšom čísle. 
610 2 0 |a kapitál rizikový 
610 2 0 |a financie 
610 2 0 |a investície finančné 
610 2 0 |a úver bankový 
610 2 0 |a lízing 
610 2 0 |a investori 
610 2 0 |a fondy finančné 
610 2 0 |a rozvoj podniku 
610 2 0 |a podnikanie 
100 1 |a Cisko, Štefan 
700 1 |a Klieštik, Tomáš